La société bureaucratique

Saved in:
Bibliografiske detaljer
Hovedforfatter: Castoriadis, Cornelius 1922-1997 (Author)
Format: Ukendt
Sprog:engelsk
Udgivet: Paris, France. Christian Bourgois Editeur, 1990
Udgivelse:Nouvelle édition
Fag:
Tags: Tilføj Tag
Ingen Tags, Vær først til at tagge denne postø!

MARC

LEADER 00000 a2200000 4500
003 CL-VaPUC
005 20241121153354.0
008 210422b ||||| |||| 00| 0 eng d
999 |c 432457  |d 432455 
020 |a 978-2267009644 
040 |c Pontificia Universidad Católica de Valparaíso 
082 |a 302.35 CAS 1990 
100 |a Castoriadis, Cornelius  |e author  |d 1922-1997  |9 441896 
245 |a La société bureaucratique 
250 |a Nouvelle édition 
260 |a Paris, France.  |b Christian Bourgois Editeur,  |c 1990 
300 |a 490 páginas  
583 |k Cristina Rojas  |c 20210422 
650 |a Sociología  |9 255410 
650 0 |a Burocracia  |9 255511 
942 |2 ddc  |c BK 
952 |0 0  |1 0  |2 ddc  |4 0  |6 302_350000000000000_CAS_1990  |7 0  |8 A  |9 577955  |a BIBEDU  |b BIBEDU  |d 2021-06-01  |e 1  |g 36460.00  |i 5583780  |l 1  |o 302.35 CAS 1990  |p 5583780  |r 2022-04-28  |s 2022-04-28  |t 1  |v 36460.00  |w 2021-06-01  |y BK  |k FIL